00243nam a2200097Ia 4500008004100000100001400041245003100055260003400086942000800120999001700128190216s9999||||xx |||||||||||||| ||und|| aRose Mary 2aA Dictionary Of Philosaphy b"Progress Publishers, Moscow" cREF c35133d35133